000 00368nam a2200145Ia 4500
008 230917s9999||||xx |||||||||||||| ||und||
040 _e6708
_aMAIN
041 _aEnglish
082 _a153.7 C355P
100 _aChambers, Frank P
245 0 _aPerception, understanding and society
260 _aLondon
_bSidgwick & Jackson
_c1961
300 _a300 p.
942 _cBK
999 _c164038
_d164038